01017nam a22002651 450000100060000000300080000600500170001400800390003103500190007003500180008904000360010704100080014308200220015110000330017324501570020626000370036330000360040050200330043650400270046960000410049665000460053794200120058399900170059595201390061236143BD-RjUL20211209052436.0140617s1963 enkc b 000 0 eng a(BD-RjUL)36240 a(OCoLC)501125 aDLCcODaWUdOCoLCdBD-RjULbeng aeng a320.954bSIP 19631 aSingh, Karan d1931-911001210aProphet of Indian nationalism :ba study of the political thought of Sri Aurobindo Ghosh, 1893-1910 /cKaran Singh, With a foreword by Jawaharial Nehru. aLondon :bAllen & Unwin,cc1963. a163 p. :bill., port. ;c23 cm. aThesis--University of Delhi. aIncludes Bibliography.10aGhose, Aurobindod1872-1950.9110016 0aPolitical sciencezIndiaxHistory.982099 2ddccBK c36143d36143 00102ddc40718NFICaRUCLbRUCLcReadingd1971-08-12eNot foundg0.00l0o320.954 SIP 1963r2014-06-17 00:00:00tC-1w2021-12-09yBK